000 00556nam a22002057a 4500
005 20251216111442.0
010 _aENG-147308
020 _a9789355437853
_c299.00
035 _aEN-130840
035 _aEN-128913
037 _bDBAD
082 _a154.3
_21
100 _aWiest, Brianna
_986106
245 _aThe Human Element/
_cBrianna Wiest
250 _a1
260 _aNoidaU.P.
_bAmaryllis
_c2025
270 _aC-16,Sector3,Noida,Uttar Pradesh
_bUttar Pradesh
_e201301
300 _a87p.
_c21(pb)
942 _2ddc
_cEN
_h154.3
_mWIE
999 _c213938
_d213938